Insanity fair / (Record no. 193999)

000 -LEADER
fixed length control field 01773 a2200169 4500
003 - CONTROL NUMBER IDENTIFIER
control field NUST
005 - DATE AND TIME OF LATEST TRANSACTION
control field 20230126151742.0
028 ## - PUBLISHER NUMBER
Publisher number 909.4307
040 ## - CATALOGING SOURCE
Transcribing agency Nust
082 ## - DEWEY DECIMAL CLASSIFICATION NUMBER
Classification number 909.4307,REE
100 ## - MAIN ENTRY--PERSONAL NAME
Personal name Reed , Douglas
9 (RLIN) 49970
245 ## - TITLE STATEMENT
Title Insanity fair /
Statement of responsibility, etc. Douglas Reed
260 ## - PUBLICATION, DISTRIBUTION, ETC.
Place of publication, distribution, etc. london
Name of publisher, distributor, etc. Jonathan
Date of publication, distribution, etc. 1939
300 ## - PHYSICAL DESCRIPTION
Extent 431 .;p
505 ## - FORMATTED CONTENTS NOTE
Formatted contents note Journey ' s B eginning (Page-7), The War Called Great (Page-24), Green And Pleasant Land (Page-48), Parisian Attic (Page-53), Northcliffian Episode (Page-57), Muscling In (Page-62), German Journey (Page-81), Hindenburg On The Rhine (Page-74), German Freedom (Page-81), BrendaMary (Page-102),Grand Old Man (Page105-), Briining's Fall (Page109-), Papen Appears (Page-114), Hitler's Victory (Page-117), Reichstag Fire (Page-130), Spirit Of Potsdam (Page-143), No Jews is Good Jews (Page-151), Midsummer Nightmare (Page-160), ecklenburg Idyll (Page-175), Hindenburg Goes To Valhalla (Page-177), German Leavetaking (Page-181), Years That The Locust (Page-184) Hitler And Eden (Page-188), Moscow Excurs (Page-193),Feats Of Memory (Page-205), Newspaper Men (Page-207), Eden (Page-211),English April (Page-216),Three Just Men (Page-220), Genevan Shadow Show (Page-226), Bound For Danubia (Page-232), The Other Germany (Page-235),Serb Soliloquy (Page-254), Boris And His Bulgars (Page-270),Grecian Detour (Page-280), Through The Dardanelles (Page-290), 'Truth Prevails' (Page-303), Rumanian Rumination (Page-316),Little Entente (Page-323), Magyarland (Page-328), Windsor Interlude (Page-334),Gadarene Gallop (Page-339), England Groping In The dark (Page-359), First Make Mad (Page-368), Two Dead Women Of Linz (Page-379), Tulip Time (Page-383), Another EnglishApril (Page-418), Fade Out (Page-426).
942 ## - ADDED ENTRY ELEMENTS (KOHA)
Source of classification or shelving scheme
Koha item type Book
Call number prefix 909.4307,REE
Holdings
Withdrawn status Lost status Source of classification or shelving scheme Damaged status Not for loan Permanent Location Current Location Shelving location Date acquired Full call number Barcode Date last seen Price effective from Koha item type Public note
          Military College of Signals (MCS) Military College of Signals (MCS) General Stacks 12/12/2016 909.4307,REE MCS29033 12/08/2016 12/12/2016 Book Almirah No.58, Shelf No.4
© 2023 Central Library, National University of Sciences and Technology. All Rights Reserved.